| 000 | 00439nam a2200121Ia 4500 | ||
|---|---|---|---|
| 008 | 171212s9999 xx 000 0 und d | ||
| 020 | _a9780833080769 | ||
| 100 | _aRobson, Sean | ||
| 245 |
_cRobson, Sean _aPsychological Fitness and Resilience _bA Review of Relevant Constructs, Measures, and Links to Well-Being |
||
| 260 |
_bRAND Corporation _c2014 |
||
| 650 | _aHealth Sciences | ||
| 856 | _uhttp://www.jstor.org/stable/10.7249/j.ctt6wq7qt | ||
| 999 |
_c352449 _d352449 |
||